00368 2200157 4500001002100000005001500021035002000036245006000056100001900116250000600135300001200141260002300153082000800176084001400184990001200198INLIS00000000000252920250604120347 a0010-06250001151 aBK. Pintar 47 Peraih Nobel Perdamaian /cEdy Soestrisno0 aEdy Soestrisno a1 a100 hlm aJakarta :bInovasi a600 a600 EDY b a0712318